| 000 | 00720nam a2200205Ia 4500 | ||
|---|---|---|---|
| 003 | OSt | ||
| 005 | 20250428103659.0 | ||
| 008 | 210210b2008 xxu||||| |||| 00| 0 eng d | ||
| 020 | _a9788189353124 | ||
| 040 | _cAL | ||
| 041 | _aHindi | ||
| 082 | _aH891.309 TIVA | ||
| 100 |
_aTIVARI (Gorak Nath) _dगोरख नाथ तिवारी _9166175 |
||
| 245 |
_aAntim dashak ke hindi upanyason ka samajshastriy adhyayan _bअंतिम दशक के हिंदी उपन्यासों का समाजशास्त्रीय अध्ययन |
||
| 260 |
_aKanpur _bAnnapurna prakashana _c2008 |
||
| 300 | _a216 | ||
| 690 |
_aHindi Criticism _9166184 |
||
| 906 | _a064258 | ||
| 942 |
_2ddc _cBK |
||
| 999 |
_c140262 _d140262 |
||